[Event "NRW-ch U16/18 Girls"]
[Site "Winterberg"]
[Date "2002.04.06"]
[Round "7"]
[White "Schulte, Michaela"]
[Black "Huennekes, Frauke"]
[Result "1/2-1/2"]
[WhiteElo "1394"]
[BlackElo "1250"]
[PlyCount "26"]
[EventDate "2002.04.01"]
[EventType "swiss"]
[EventRounds "7"]
[EventCountry "GER"]
[SourceTitle "EXT 2003"]
[Source "ChessBase"]
[SourceDate "2002.11.25"]
[SourceVersion "1"]
[SourceVersionDate "2002.11.25"]
[SourceQuality "1"]

1. e4 e5 2. Nf3 Nc6 3. Nc3 Bc5 4. Bc4 Nf6 5. d3 0-0 6. 0-0 d6 7. h3 h6 8. Be3 Bb6 9. Nd5 Nxd5 10. Bxd5 Ne7 11. Bb3 c6 12. Qe2 Bc7 13. d4 exd4 1/2-1/2

[Event "NRW-ch U16/18 Girls"]
[Site "Winterberg"]
[Date "2002.04.05"]
[Round "6"]
[White "Diebig, Maja"]
[Black "Schulte, Michaela"]
[Result "1-0"]
[WhiteElo "1627"]
[BlackElo "1394"]
[PlyCount "113"]
[EventDate "2002.04.01"]
[EventType "swiss"]
[EventRounds "7"]
[EventCountry "GER"]
[SourceTitle "EXT 2003"]
[Source "ChessBase"]
[SourceDate "2002.11.25"]
[SourceVersion "1"]
[SourceVersionDate "2002.11.25"]
[SourceQuality "1"]

1. d4 d5 2. c4 dxc4 3. e4 e6 4. Bxc4 Be7 5. Nf3 Nf6 6. Nc3 a6 7. 0-0 Nc6 8. a3 0-0 9. Qd3 b5 10. Ba2 Qd7 11. Rd1 Rd8 12. Qc2 b4 13. Ne2 Rb8 14. Ng3 Bb7 15. Bg5 bxa3 16. bxa3 Qe8 17. Bb1 g6 18. h4 h5 19. e5 Nd5 20. Bxe7 Qxe7 21. Nxh5 Qf8 22. Ng3 Qg7 23. Qd2 Nce7 24. h5 c5 25. hxg6 fxg6 26. Ng5 Nc7 27. Qe3 Qh6 28. N5e4 Qxe3 29. fxe3 Bxe4 30. Bxe4 Nb5 31. Ne2 cxd4 32. exd4 Kg7 33. a4 Nc7 34. Rab1 Rxb1 35. Rxb1 Ng8 36. Rb7 Rd7 37. Nf4 Kf7 38. Bxg6+ Ke7 39. Nd3 Kf8 40. Nc5 Re7 41. Rxc7 Rxc7 42. Nxe6+ Ke7 43. Nxc7 Kd8 44. Nxa6 Ne7 45. Be4 Kd7 46. Nc5+ Kc7 47. a5 Nc6 48. Bxc6 Kxc6 49. a6 Kb6 50. e6 Ka7 51. e7 Kb6 52. e8Q Ka5 53. a7 Kb4 54. a8Q Kc3 55. Qa1+ Kc4 56. Qe6+ Kb5 57. Qa4# 1-0

[Event "NRW-ch U16/18 Girls"]
[Site "Winterberg"]
[Date "2002.04.04"]
[Round "5"]
[White "Schulte, Michaela"]
[Black "Barnstedt, Andrea"]
[Result "1-0"]
[WhiteElo "1394"]
[BlackElo "1163"]
[PlyCount "77"]
[EventDate "2002.04.01"]
[EventType "swiss"]
[EventRounds "7"]
[EventCountry "GER"]
[SourceTitle "EXT 2003"]
[Source "ChessBase"]
[SourceDate "2002.11.25"]
[SourceVersion "1"]
[SourceVersionDate "2002.11.25"]
[SourceQuality "1"]

1. e4 e5 2. Nf3 d6 3. h3 Nf6 4. Nc3 Be6 5. Be2 a6 6. d3 b5 7. a3 c6 8. Be3 Be7 9. Nh2 d5 10. Bg5 dxe4 11. dxe4 Nbd7 12. 0-0 Nxe4 13. Nxe4 Bxg5 14. Nd6+ Kf8 15. Bg4 Bxg4 16. Qxg4 Qe7 17. Rad1 h5 18. Qf3 Rb8 19. Qxc6 g6 20. Ne4 Rd8 21. Nxg5 Nb8 22. Rxd8+ Qxd8 23. Qc5+ Kg7 24. Qxe5+ f6 25. Ne6+ Kh6 26. Qe3+ g5 27. Nxd8 Rxd8 28. Qe7 Rg8 29. Qxf6+ Rg6 30. Qf8+ Kh7 31. Qxb8 Rg8 32. Qb7+ Rg7 33. Qxa6 g4 34. hxg4 hxg4 35. Qxb5 Kh6 36. f3 gxf3 37. Rxf3 Kh7 38. Rh3+ Kg8 39. Qe8# 1-0

[Event "Ruhrgebiet-ch U18 Girls"]
[Site "Muelheim"]
[Date "2002.03.23"]
[Round "1"]
[White "Schulte, Michaela"]
[Black "Klinger, Jacquelin"]
[Result "1-0"]
[WhiteElo "1394"]
[BlackElo "1111"]
[PlyCount "53"]
[EventDate "2002.??.??"]
[EventType "tourn"]
[EventRounds "7"]
[EventCountry "GER"]
[SourceTitle "EXT 2003"]
[Source "ChessBase"]
[SourceDate "2002.11.25"]
[SourceVersion "1"]
[SourceVersionDate "2002.11.25"]
[SourceQuality "1"]

1. e4 d6 2. Nf3 Nf6 3. Nc3 Nc6 4. h3 Bd7 5. Be2 g6 6. d3 Bg7 7. Be3 e6 8. Qd2 Qe7 9. Nb5 Qd8 10. Bh6 Bxh6 11. Qxh6 a6 12. Nc3 Nb4 13. Qd2 d5 14. e5 Ng8 15. g3 Nc6 16. d4 Nge7 17. Bd3 Na5 18. Nxd5 Nxd5 19. Qxa5 b6 20. Qd2 Bc6 21. Be4 Qd7 22. 0-0 Ne7 23. Qf4 f5 24. exf6 Bxe4 25. Qxe4 Nd5 26. Ne5 Qd8 27. Nxg6 1-0